Report of the Smithsonian Tropical Research Institute : (Registro nro. 595)

Detalles MARC
000 -CABECERA
Campo de control 00973nam a2200229 a 4500
005 - FECHA Y HORA DE LA ULTIMA TRANSACCION
Campo de control 20191224041535.0
008 - ELEMENTOS DE LONGITUD FIJA—INFORMACION GENERAL
Campo de control 140221b1996 -Us||||| |||| 00| 0 eng d
040 ## - FUENTE DE CATALOGACIÓN
Agencia catalogadora original CO-BoIAVH
Agencia transcriptora CO-BoIAVH
041 1# - IDIOMA
Código de idioma para texto/pista de sonido o título separado Español
Código de idioma de la versión original y/o traducciones intermedias del texto Inglés
044 ## - PAÍS DE PUBLICACIÓN
País de publicación Estados Unidos
082 04 - NUMERO DE CLASIFICACION DECIMAL DEWEY
Número de clasificación 333.9506
Número del ítem S66t1
110 2# - ASIENTO PRINCIPAL--NOMBRE CORPORATIVO
Nombre corporativo o de jurisdicción como elemento de entrada Smithsonian Tropical Research Institute.
9 (RLIN) 8375
245 10 - MENCION DE TITULO
Título Report of the Smithsonian Tropical Research Institute :
Parte restante del título October 1, 1993 through september 30, 1995 /
246 13 - FORMA VARIANTE DEL TITULO
Título propiamente dicho/forma breve del título Memoria del Instituto Smithsonian de Investigaciones Tropicales :
Parte restante del título del 1° de octubre de 1993 al 30 de septiembre de 1995 /
260 ## - PUBLICACION, DISTRIBUCION, ETC. (PIE DE IMPRENTA)
Lugar de publicación, distribución, etc. Washington D.C. :
Nombre del editor, distribuidor, etc. Instituto Smithsonian,
Fecha de publicación, distribución, etc. 1996.
300 ## - DESCRIPCION FISICA
Extensión 72 páginas :
Otros detalles físicos ilustraciones a color y fotografías a color ;
Dimensiones 28 x 22 cm.
610 26 - ASIENTO SECUNDARIO DE MATERIA - NOMBRE CORPORATIVO
Nombre corporativo o nombre de la jurisdicción como elemento de entrad Smithsonian Tropical Research Institute.
Subdivisión geográfica 1995
Subdivisión de forma Reportes
9 (RLIN) 85124
650 26 - ASIENTO SECUNDARIO DE MATERIA - TERMINO TEMATICO
Término temático o nombre geográfico como elemento de entrada Biodiversidad
9 (RLIN) 92204
650 26 - ASIENTO SECUNDARIO DE MATERIA - TERMINO TEMATICO
Término temático o nombre geográfico como elemento de entrada Ecología de las poblaciones
9 (RLIN) 78040
650 26 - ASIENTO SECUNDARIO DE MATERIA - TERMINO TEMATICO
Término temático o nombre geográfico como elemento de entrada Zona tropical
Subdivisión de forma Reportes
9 (RLIN) 85127
942 ## - ELEMENTOS ADICIONALES (KOHA)
Tipo de ítem Libro
Sistema de clasificación Dewey Decimal Classification
Existencias
Withdrawn status Lost status Sistema de Clasificación Damaged status No para préstamo Colección Inventariado Ubicación Permanente Ubicación actual Fecha de adquisición Fuente de Valor Valor Total Checkouts Número topográfico Inventario / Código de Barras Date last seen Ejemplar Price effective from Forma de adquisición Tipo de material
    Dewey Decimal Classification     General Inventariado 2017 Sala Fabio Quevedo Sala Fabio Quevedo 02/11/1998 Instituto 39000.00   LB-333.9506 S66t1 000847 04/12/2012 Ej. 1 04/12/2012 Donación Libro